00654 2200193 4500001002100000005001500021035002000036007000300056008004100059020002200100082001000122084001600132100001800148245012200166250003500288260004900323300005400372650003400426INLIS00000000000462320260512090043 a0010-0526000037ta260512 g 0 ind  a978-634-7470-71-3 a922.1 a922.1 ARS c0 aArsenius Sele1 aCatatan Hidup Pastor Antonio M. Razzoli :b50 Tahun Panggilan Imamat /cArsenius Sele (Penulis); Ayu Musliha (Editor) aCetakan Pertama, Desember 2025 aLamongan, Jawa Timur :bDetak Pustaka,c2025 axvii; 138 Hal :bIlustrasi Berwarna; Teks ;c21cm 4aBiografi Tokoh Agama Katholik